<?xml version="1.0" encoding="UTF-8"?>
<record
    xmlns:xsi="http://www.w3.org/2001/XMLSchema-instance"
    xsi:schemaLocation="http://www.loc.gov/MARC21/slim http://www.loc.gov/standards/marcxml/schema/MARC21slim.xsd"
    xmlns="http://www.loc.gov/MARC21/slim">

  <leader>01451nam2a2200301   4500</leader>
  <controlfield tag="001">RU\NLR\bibl\316267</controlfield>
  <controlfield tag="005">20250621141713.0</controlfield>
  <datafield tag="021" ind1=" " ind2=" ">
    <subfield code="a">RU</subfield>
    <subfield code="b">2002-30447</subfield>
    <subfield code="9">1511</subfield>
  </datafield>
  <datafield tag="035" ind1=" " ind2=" ">
    <subfield code="a">(NLR Aleph) 000311349</subfield>
  </datafield>
  <datafield tag="090" ind1=" " ind2=" ">
    <subfield code="a">39660</subfield>
    <subfield code="c">39660</subfield>
  </datafield>
  <datafield tag="100" ind1=" " ind2=" ">
    <subfield code="a">20021008d2002    |||y0rusy50      ca</subfield>
  </datafield>
  <datafield tag="101" ind1="0" ind2=" ">
    <subfield code="a">rus</subfield>
  </datafield>
  <datafield tag="102" ind1=" " ind2=" ">
    <subfield code="a">RU</subfield>
  </datafield>
  <datafield tag="105" ind1=" " ind2=" ">
    <subfield code="a">a   |||||||||</subfield>
  </datafield>
  <datafield tag="200" ind1="0" ind2=" ">
    <subfield code="a">&#x412;&#x44B;&#x43F;. 2</subfield>
    <subfield code="e">[&#x41F;&#x43E; &#x441;&#x43E;&#x441;&#x442;&#x43E;&#x44F;&#x43D;&#x438;&#x44E; &#x43D;&#x430; 19.02.02]</subfield>
  </datafield>
  <datafield tag="210" ind1=" " ind2=" ">
    <subfield code="d">2002</subfield>
    <subfield code="a">&#x411;. &#x43C;.</subfield>
  </datafield>
  <datafield tag="215" ind1=" " ind2=" ">
    <subfield code="a">95,[2] &#x441;.</subfield>
    <subfield code="c">&#x446;&#x432;. &#x438;&#x43B;.</subfield>
  </datafield>
  <datafield tag="461" ind1=" " ind2="0">
    <subfield code="1">001RU\NLR\bibl\343919</subfield>
    <subfield code="1">2001#$a&#x41A;&#x430;&#x442;&#x430;&#x43B;&#x43E;&#x433; &#x43A;&#x43E;&#x43D;&#x442;&#x440;&#x43E;&#x43B;&#x44C;&#x43D;&#x43E;-&#x43A;&#x430;&#x441;&#x441;&#x43E;&#x432;&#x44B;&#x445; &#x43C;&#x430;&#x448;&#x438;&#x43D;, &#x432;&#x43A;&#x43B;&#x44E;&#x447;&#x435;&#x43D;&#x43D;&#x44B;&#x445; &#x432; &#x413;&#x43E;&#x441;&#x443;&#x434;&#x430;&#x440;&#x441;&#x442;&#x432;&#x435;&#x43D;&#x43D;&#x44B;&#x439; &#x440;&#x435;&#x435;&#x441;&#x442;&#x440; &#x420;&#x43E;&#x441;&#x441;&#x438;&#x439;&#x441;&#x43A;&#x43E;&#x439; &#x424;&#x435;&#x434;&#x435;&#x440;&#x430;&#x446;&#x438;&#x438; &#x441; 1 &#x44F;&#x43D;&#x432;&#x430;&#x440;&#x44F; 2002 &#x433;&#x43E;&#x434;&#x430;$v&#x412;&#x44B;&#x43F;. 2</subfield>
    <subfield code="9">203034</subfield>
    <subfield code="c">&#x421;&#x41F;&#x431;.</subfield>
    <subfield code="d">2002</subfield>
    <subfield code="f">&#x41F;&#x43E;&#x434;&#x433;&#x43E;&#x442;. &#x440;&#x435;&#x434;. &#x436;&#x443;&#x440;&#x43D;. "&#x41A;&#x43E;&#x43D;&#x442;&#x440;&#x43E;&#x43B;&#x44C;&#x43D;&#x43E;-&#x43A;&#x430;&#x441;&#x441;&#x43E;&#x432;&#x44B;&#x435; &#x43C;&#x430;&#x448;&#x438;&#x43D;&#x44B;"</subfield>
    <subfield code="n">&#x420;&#x435;&#x434;. &#x436;&#x443;&#x440;&#x43D;. "&#x41A;&#x43E;&#x43D;&#x442;&#x440;&#x43E;&#x43B;&#x44C;&#x43D;&#x43E;-&#x43A;&#x430;&#x441;&#x441;&#x43E;&#x432;&#x44B;&#x435; &#x43C;&#x430;&#x448;&#x438;&#x43D;&#x44B;"</subfield>
    <subfield code="t">&#x41A;&#x430;&#x442;&#x430;&#x43B;&#x43E;&#x433; &#x43A;&#x43E;&#x43D;&#x442;&#x440;&#x43E;&#x43B;&#x44C;&#x43D;&#x43E;-&#x43A;&#x430;&#x441;&#x441;&#x43E;&#x432;&#x44B;&#x445; &#x43C;&#x430;&#x448;&#x438;&#x43D;, &#x432;&#x43A;&#x43B;&#x44E;&#x447;&#x435;&#x43D;&#x43D;&#x44B;&#x445; &#x432; &#x413;&#x43E;&#x441;&#x443;&#x434;&#x430;&#x440;&#x441;&#x442;&#x432;&#x435;&#x43D;&#x43D;&#x44B;&#x439; &#x440;&#x435;&#x435;&#x441;&#x442;&#x440; &#x420;&#x43E;&#x441;&#x441;&#x438;&#x439;&#x441;&#x43A;&#x43E;&#x439; &#x424;&#x435;&#x434;&#x435;&#x440;&#x430;&#x446;&#x438;&#x438; &#x441; 1 &#x44F;&#x43D;&#x432;&#x430;&#x440;&#x44F; 2002 &#x433;&#x43E;&#x434;&#x430;</subfield>
    <subfield code="v">&#x412;&#x44B;&#x43F;. 2</subfield>
  </datafield>
  <datafield tag="610" ind1="0" ind2=" ">
    <subfield code="a">&#x41A;&#x430;&#x441;&#x441;&#x43E;&#x432;&#x44B;&#x435; &#x430;&#x43F;&#x43F;&#x430;&#x440;&#x430;&#x442;&#x44B; - &#x41A;&#x430;&#x442;&#x430;&#x43B;&#x43E;&#x433;&#x438;</subfield>
  </datafield>
  <datafield tag="675" ind1=" " ind2=" ">
    <subfield code="a">681.171</subfield>
    <subfield code="v">3</subfield>
    <subfield code="z">rus</subfield>
  </datafield>
  <datafield tag="686" ind1=" " ind2=" ">
    <subfield code="a">50</subfield>
    <subfield code="2">rugasnti</subfield>
  </datafield>
  <datafield tag="686" ind1=" " ind2=" ">
    <subfield code="a">37.9</subfield>
    <subfield code="2">rubbk</subfield>
  </datafield>
  <datafield tag="801" ind1=" " ind2="0">
    <subfield code="a">RU</subfield>
    <subfield code="b">RKP</subfield>
    <subfield code="c">20021008</subfield>
    <subfield code="g">PSBO</subfield>
  </datafield>
  <datafield tag="801" ind1=" " ind2="1">
    <subfield code="a">RU</subfield>
    <subfield code="b">RKP</subfield>
    <subfield code="c">20021008</subfield>
  </datafield>
  <datafield tag="801" ind1=" " ind2="2">
    <subfield code="a">RU</subfield>
    <subfield code="b">NLR</subfield>
    <subfield code="c">20030304</subfield>
    <subfield code="g">rcr</subfield>
  </datafield>
  <datafield tag="942" ind1=" " ind2=" ">
    <subfield code="c">BOOK</subfield>
  </datafield>
  <datafield tag="980" ind1=" " ind2=" ">
    <subfield code="a">NB</subfield>
  </datafield>
  <datafield tag="995" ind1=" " ind2=" ">
    <subfield code="5">2002-10-09</subfield>
    <subfield code="a">ad</subfield>
    <subfield code="b">NLR01</subfield>
    <subfield code="c">NLR01</subfield>
    <subfield code="e">NTD</subfield>
    <subfield code="f">1-617998</subfield>
    <subfield code="k">&#x41F;&#x442; 2002-2/7</subfield>
    <subfield code="o">0</subfield>
    <subfield code="r">BOOK</subfield>
    <subfield code="s">_200227</subfield>
  </datafield>
  <datafield tag="995" ind1=" " ind2=" ">
    <subfield code="5">2002-10-09</subfield>
    <subfield code="a">ad</subfield>
    <subfield code="b">NLR01</subfield>
    <subfield code="c">NLR01</subfield>
    <subfield code="e">NTD04</subfield>
    <subfield code="f">1-617999</subfield>
    <subfield code="k">&#x41F;&#x442; 2002-2/7</subfield>
    <subfield code="o">0</subfield>
    <subfield code="r">BOOK</subfield>
    <subfield code="s">_200227</subfield>
  </datafield>
</record>
